00855nam a22002417a 4500001000500000005001700005020003100022040003800053050001300091082001300104100001900117245008600136260003400222300004000256505000800296520013900304521002000443521001900463650005600482650004300538650002000581650001200601104820231211141619.0 a0590457128 (pbk.) :c$3.99 aIHIcIHIdDPLdOCLdSPPdDLCbeng00aQL31.C56 a597.00921 aMcGovern, Ann.10aAdventure of the shark lady :bEugenie Clark around the world /cby Ann McGovern. aNew York :bScholastic,c1978 a79 pages :billustrations, c20 cm. aX  aA biography of the ichthyologist whose interest in fish began at the age of nine during weekly trips to the Aquarium in New York City. a890 bLexile  aX bRaz-Plus  0aIchthyologistszUnited StatesvJuvenile literature. 0aSharksxResearchvJuvenile literature. 0aIchthyologists. 0aSharks.